| 000 | 00462cam a22001577a 4500 | ||
|---|---|---|---|
| 008 | 180718b1992 xxu||||| |||| 00| 0 eng d | ||
| 020 | _a8120405919 | ||
| 082 | _aYA57 Su14 | ||
| 245 |
_aNew trends in biotechnology _cedited by N.S. Subba Rao, C.Balagopalan and S.V.Ramakrishna |
||
| 260 |
_aNew Delhi _bOxford & IBH _c1992 |
||
| 300 | _a444p. | ||
| 650 | _aBiotechnology | ||
| 700 | _aRamakrishna, S.V. | ||
| 700 | _aBalagopalan, C. | ||
| 700 | _aRao, N.S.Subba | ||
| 999 |
_c400355 _d400355 |
||